书目信息 |
| 题名: |
新闻英语
|
|
| 作者: | 贾卫国 主编 | |
| 分册: | ||
| 出版信息: | 济南 山东大学出版社 2005.08 |
|
| 页数: | 181页 | |
| 开本: | 20cm | |
| 丛书名: | 英语网络听力教学系列教材 | |
| 单 册: | ||
| 中图分类: | H31 | |
| 科图分类: | ||
| 主题词: | 计算机网络--ji suan ji wang luo--应用--新闻--英语--听说教学--高等学校--教材 | |
| 电子资源: | ||
| ISBN: | 7-5607-3053-1 | |
| 000 | 00975nam 2200265 450 | |
| 001 | 012007249365 | |
| 005 | 20070517163023.50 | |
| 010 | @a7-5607-3053-1@dCNY10.00 | |
| 100 | @a20070309d2005 km y0chiy0120 ea | |
| 101 | 0 | @achi@aeng |
| 102 | @aCN@b370000 | |
| 105 | @ay a 000yy | |
| 200 | 1 | @a新闻英语@Axin wen ying yu@d= News English@f贾卫国主编@Fjia wei guo zhu bian@zeng |
| 210 | @a济南@c山东大学出版社@d2005.08 | |
| 215 | @a181页@d20cm | |
| 225 | 2 | @a英语网络听力教学系列教材@Aying yu wang luo ting li jiao xue xi lie jiao cai |
| 320 | @a有书目。 | |
| 330 | @a本书共10个单元,内容涉及国际交流、文化教育、影视娱乐、体育、战争动乱、科学技术、天文地理、政治外交和社会问题。 | |
| 410 | 0 | @12001 @a英语网络听力教学系列教材 |
| 510 | 1 | @aNews English@zeng |
| 606 | 0 | @a计算机网络@Aji suan ji wang luo@x应用@x新闻@x英语@x听说教学@x高等学校@j教材 |
| 690 | @aH31@v4 | |
| 701 | 0 | @a贾卫国@Ajia wei guo@4主编 |
| 801 | 0 | @aCN@c20070517 |
| 905 | @a10447@dH319.9@eJ249 | |
| 新闻英语= News English/贾卫国主编.-济南:山东大学出版社,2005.08 |
| 181页;20cm.-(英语网络听力教学系列教材) |
| ISBN 7-5607-3053-1:CNY10.00 |
| 本书共10个单元,内容涉及国际交流、文化教育、影视娱乐、体育、战争动乱、科学技术、天文地理、政治外交和社会问题。 |
| ● |
| 相关链接 |
|
|
|
正题名:新闻英语
索取号:H319.9/J249
 
预约/预借
| 序号 | 登录号 | 条形码 | 馆藏地/架位号 | 状态 | 备注 |
| 1 | 236909 | 202369098 | 语言库209/209语言库 59排7列3层/ [索取号:H319.9/J249] | 在馆 | |
| 2 | 236910 | 202369105 | 语言库209/209语言库 59排7列3层/ [索取号:H319.9/J249] | 在馆 | |
| 3 | 236911 | 202369114 | 语言库209/209语言库 59排7列3层/ [索取号:H319.9/J249] | 在馆 |